|
|
|
|
| LEADER |
01583nam a2200361 a 4500 |
| 001 |
1067433 |
| 005 |
19930302080406.6 |
| 008 |
921204s1988 ph a b 000 0 eng d |
| 010 |
|
|
|a 90940325
|
| 020 |
|
|
|a 971863200X
|
| 035 |
|
|
|a (OCoLC)21762716
|
| 040 |
|
|
|a MdU
|c MdU
|d DLC
|d BD-DhAAL
|
| 042 |
|
|
|a lccopycat
|
| 043 |
|
|
|a a-bg---
|a a-io---
|a a-ph---
|
| 050 |
0 |
4 |
|a HC440.8
|b .N49 1988
|
| 082 |
|
|
|2 20
|a 338.9549/2
|
| 245 |
0 |
0 |
|a NGO strategic management in Asia:
|b focus on Bangladesh, Indonesia, and the Philippines.
|
| 260 |
|
|
|a Makati, Metro Manila, Philippines :
|b Asian NGO Coalition for Agrarian Reform and Rural Development,
|c c1988.
|
| 300 |
|
|
|a viii, 184 p. :
|b ill. ;
|c 23 cm.
|
| 504 |
|
|
|a Includes bibliographical references.
|
| 541 |
|
|
|e 000003598
|
| 650 |
|
0 |
|a Economic development projects
|z Bangladesh.
|9 1835
|
| 650 |
|
0 |
|a Economic development projects
|z Indonesia.
|9 1836
|
| 650 |
|
0 |
|a Economic development projects
|z Philippines.
|9 1837
|
| 650 |
|
0 |
|a Non-governmental organizations
|z Bangladesh.
|9 1838
|
| 650 |
|
0 |
|a Non-governmental organizations
|z Indonesia.
|9 1839
|
| 650 |
|
0 |
|a Non-governmental organizations
|z Philippines.
|9 1840
|
| 710 |
2 |
|
|a Asian NGO Coalition for Agrarian Reform and Rural Development.
|9 1841
|
| 906 |
|
|
|a 7
|b cbc
|c copycat
|d 4
|e ncip
|f 19
|g y-gencatlg
|
| 942 |
|
|
|2 ddc
|c BK
|
| 955 |
|
|
|a nc32/tl 11-04-92; nc10/co 11-20-92; nf14 12-04-92; nc32/sl 01-05-93
|
| 999 |
|
|
|c 12368
|d 12368
|
| 952 |
|
|
|0 0
|1 0
|2 ddc
|4 0
|6 338_954920000000000_NGO
|7 0
|9 20450
|a BRACUL
|b BRACUL
|c GEN
|d 2012-06-09
|g 148.00
|l 0
|o 338.95492 NGO
|p 3010003598
|r 2012-06-09
|t 1
|w 2012-06-09
|y BK
|